000
00330nam a2200133Ia 4500
005
20250423095953.0
008
250422s9999 xx 000 0 und d
020
_a
9780980265835
100
_a
Le Roux, W. & Van Marle, K.
245
0
_a
Law, Memory and the legacy of apartheid
260
_c
2007
300
_a
203 p
942
_c
BK
999
_c
31889
_d
31889